01136nam a2200289 a 4500003000900000005001700009007000300026008004100029020001800070020001500088040002600103041000800129082001500137100002900152245019400181246005800375260006600433300004400499500006800543504003100611546004100642650002700683650005500710700002900765700002600794700002600820DO-SdBNP20220329131538.0ta210817e2018 dr aoc|fr|||| 001 0deng d a9781946300263 a1946300268 aDO-SdBNPbspacBNMPHU heng 4bC957ex222 aCruz Cabrera, Ana Arelys10aExperiences and techniques of sleep studies = Experiencias y técnicas sobre estudios del sueño. /cAna Arelys Cruz Cabrera; Editores, Mary Ann Schroder, Lucille Amaral y María Breton. aExperiencias y técnicas sobre estudios del sueño. aPawtucket, USA. :bFirst Stillwater River Publications,c2018 a286 p. :bil., gráf., retr. ;c23 cm. aIncluye datos biográficos de la autor en las páginas i, 121 aBibliografía, p. 259-566 aLibro con traducción al español. 4aTrastornos del Sueño 4aSueñosvInvestigaciónxAspectos Fisiológicos1 aAnn Schroder, Mary,eed.1 aAmaral, Lucille,eed.1 aBreton, María,eed.